Les places les plus sûres ! - Statistiques

Statistiques générales
  • Ce quiz a été pris 40 fois
  • Le résultat moyen est 5 sur 7
Statistiques - réponses
Question Réponse % Correct
Dans un avion de ligne, les places les plus sûres se trouvent... à l'arrière
100%
Dans un tramway circulant sur la droite de la chaussée, les places les plus sûres sont essentiellement... au centre
100%
Dans un paquebot, les cabine les plus dangereuses sont situées en bas
100%
Dans une voiture, la place la plus sûre est la place arrière derrière le chauffeur
100%
Dans un train les places les plus sûres sont au centre de la voiture centrale
50%
Dans un minibus 13/15 places, la place la plus dangereuse est la place passager à côté du chauffeur
50%
Dans un bus de ville circulant sur la droite de la chaussée, les places les plus dangereuses sont... partout sauf au centre
0%
Aucun quiz correspondant
Distribution des résultats
% des personnes avec chaque résultat
Percentile par nombre de réponses
Votre historique - résultats
Vous n’avez pas pris ce quiz